Piłkarski alfabet - Statystyki

Ogólne statystyki
  • Ten quiz został rozwiązany 581 razy
  • Średni wynik to 12 z 26
Statystyki odpowiedzi
Litera Opis Odpowiedź % Poprawnych
M Zdobywca największej ilości złotych piłek w histrori. Messi
87%
R Najlepszy strzelec LM wszechczasów. Ronaldo
84%
L Najlepszy polski strzelec w bundeslidze. Lewandowski
80%
C Urugwajski napastnik. Były gwiazdor PSG Cavani
79%
D Holenderski pomocnik. Obecny piłkarz FC Barcelony de Jong
77%
G Filar defensywy reprezentacji Polski. Glik
69%
K Zdobywca złotej piłki w 2007r. Kaka
59%
P Niemiecki piłkarz polskiego pochodzenia. Mistrz świata z 2014r. Podolski
59%
F Piłkarz drużyn El Clasico. Portugalczyk Figo
56%
B Angielski prawy pomocnik. Słynął z dokładnych podań Beckham
51%
Q Słynie z goli strzelanych "fałszem" Quaresma
50%
Y Jako jedyny bramkarz zdobył złotą piłkę. Yashin
49%
T Wieloletni napastnik AS Romy Totti
48%
O Bramkarz Ajaxu Amsterdam. Pauzował kilkanaście miesięcy za niedozwolone środki. Onana
42%
X Szwajcarski śpd. Piłkarz Kanonierów. Xhaka
40%
V Zasłyną jako "Latający Holender" Van Persie
39%
N Japoński środkowy pomocnik ofensywny. Grał w Serie A Nakata
34%
Z Prawy obrońca/pomocnik defensywny. Były grasz Interu Mediolan Zanetti
34%
H Holenderski napastnik. Najlepszy moment posiadał w FC Schalke 04 Huntelaar
33%
E Macedoński defensor. Piłkarz SSC Napoli Elmas
27%
W Lewy obrońca reprezentacji Polski Wawrzyniak
26%
A Wieloletni prawy obrońca Realu Madryt Arbeloa
22%
I Pochodzi z Kolumbii. Najbardziej kojarzony z występów w AS Romie obok Dumbi. Ibarbo
22%
J Belgijski lewy pomocnik. Były piłkarz Czerwonych Diabłów Januzaj
21%
U Turecki prawy pomocnik Under
14%
S Król strzelców IO w Montrealu w 1976r. Szarmach
10%
Nie znaleziono quizów pasujących do podanych kryteriów
Rozkład punktacji
Procent ludzi z każdym wynikiem
Percentyl według liczby udzielonych odpowiedzi
Twoja historia wyników
Nie rozwiązałeś tego quizu